sci fi films by picture - Statistics

General Stats
  • This quiz has been taken 59 times
    5 since last reset
  • The average score is 61 of 85
Answer Stats
Picture Answer % Correct
2001 a space odyssey
100%
alien
100%
aliens
100%
ant man
100%
avengers age of ultron
100%
back to the future
100%
black panther
100%
captain america civil war
100%
deadpool
100%
Deadpool and wolverine
100%
dune
100%
E.T
100%
godzilla
100%
guardians of the galaxy
100%
inception
100%
interstellar
100%
jurassic park
100%
pacific rim
100%
planet of the apes
100%
predator
100%
ready player one
100%
rise of the planet of the apes
100%
robocop
100%
robocop
100%
star wars
100%
terminator 2 judgment day
100%
the empire strikes back
100%
the matrix
100%
the predator
100%
the terminator
100%
the thing
100%
transformers
100%
war of the worlds
100%
alien 3
75%
arrival
75%
blade runner
75%
dawn of the planet of the apes
75%
Edge of tomorrow
75%
godzilla king of the monsters
75%
godzilla vs kong
75%
jurassic park 3
75%
jurassic world
75%
mad max
75%
predator 2
75%
promethues
75%
robocop 2
75%
robocop 3
75%
star wars attack of the clones
75%
star wars return of the jedi
75%
star wars revenge of the sith
75%
star wars the phantom menace
75%
Superman
75%
the martian
75%
the wild robot
75%
alien romulus
50%
bumblebee
50%
dune part two
50%
godzilla x kong the new empire
50%
kingdom of the planet of the apes
50%
kong skull island
50%
Nope
50%
predators
50%
prey
50%
real steel
50%
rogue one a star wars story
50%
terminator 3 rise of the machines
50%
terminator genisys
50%
terminator salvation
50%
the creator
50%
the fly
50%
transformers dark of the moon
50%
war for the planet of the apes
50%
A clockwork orange
25%
alien covenant
25%
armageddon
25%
jason X
25%
jurassic world dominion
25%
jurassic world fallen kingdom
25%
Sonic the hedgehog 3
25%
terminator dark fate
25%
the day after tomorrow
25%
the lost world jurassic park
25%
transformers age of extinction
25%
transformers revenge of the fallen
25%
transformers the last knight
25%
No matching quizzes found
Score Distribution
Percent of People with Each Score
Percentile by Number Answered
Your Score History
You have not taken this quiz since the last reset